MARC

LEADER 00000nas a22000007a 4500
001 ssj0054395
003 WaSeSS
005 20200512172242.0
006 m d
007 cr n
008 050722c20079999mduqr pss 0 a0eng c
010 |a  2005214976 
016 7 |a 2275483-0  |2 DE-600 
022 |a 1557-055X  |l 1557-0541  |y 1557-0541 
035 |a (WaSeSS)ssj0054395 
037 |b Johns Hopkins University Press, 2715 N. Charles St., Baltimore, MD 21218 
040 |a NSD  |b eng  |c NSD  |d DLC  |d MUQ  |d NSD  |d OCLCQ  |d CFI  |d OCLCQ  |d HEBIS  |d VRC  |d OCLCQ  |d OCLCF  |d OCLCO  |d OCLCQ  |d OCLCO  |d OCLCQ  |d Z5A  |d OCLCO  |d OCLCA  |d BUF  |d APUMS  |d EZC  |d VT2  |d SFB  |d GWM  |d CNMTR  |d WaSeSS 
042 |a nsdp  |a pcc 
050 4 |a RA11 
082 1 0 |a 362.1  |2 14 
130 0 |a Progress in community health partnerships (Online) 
210 0 |a Prog. community health partnersh.  |b (Online) 
222 0 |a Progress in community health partnerships  |b (Online) 
245 1 0 |a Progress in community health partnerships  |h [electronic resource]. 
260 |a Baltimore, Md. :  |b Johns Hopkins University Press,  |c 2007- 
310 |a Quarterly 
362 0 |a Vol. 1.1 (spring 2007)- 
506 |a License restrictions may limit access. 
538 |a Mode of access: World Wide Web. 
650 0 |a Public health  |v Periodicals. 
650 0 |a Public health  |x Research  |x Citizen participation  |v Periodicals. 
650 0 |a Community health services  |x Research  |v Periodicals. 
650 6 |a Santé, Services communautaires de  |v Périodiques. 
650 6 |a Santé publique  |v Périodiques. 
650 7 |a Community health services  |x Research.  |2 fast  |0 (OCoLC)fst00870995 
650 7 |a Public health.  |2 fast  |0 (OCoLC)fst01082238 
650 7 |a Public health  |x Research  |x Citizen participation.  |2 fast  |0 (OCoLC)fst01082294 
650 2 |a Public Health  |v Periodicals. 
650 2 |a Community Health Services  |x Research  |v Periodicals. 
650 1 2 |a Community Networks  |v Periodicals. 
650 2 2 |a Community health services  |v Periodicals. 
650 2 2 |a Medically Underserved Area  |v Periodicals. 
655 0 |a Electronic journals. 
776 1 |t Progress in community health partnerships  |x 1557-0541  |w (DLC) 2005214975  |w (OCoLC)61125691 
856 4 0 |z Full text available from Research Library: 04/01/2010 to 1 year ago  |u https://search.proquest.com/publication/366257